Assam motor vehicle rules, 2003 (Record no. 8405)

MARC details
000 -LEADER
fixed length control field 00521cam a2200205ua 4500
001 - CONTROL NUMBER
control field 9353
005 - DATE AND TIME OF LATEST TRANSACTION
control field 20260515114445.0
008 - FIXED-LENGTH DATA ELEMENTS--GENERAL INFORMATION
fixed length control field 150806n ii |||gr||||Z||||||eng
040 ## - CATALOGING SOURCE
Transcribing agency MAIN
041 ## - LANGUAGE CODE
Language code of text/sound track or separate title eng
082 ## - DEWEY DECIMAL CLASSIFICATION NUMBER
Classification number 343.0944
245 13 - TITLE STATEMENT
Title Assam motor vehicle rules, 2003
Statement of responsibility, etc. by G C Phukan
250 ## - EDITION STATEMENT
Edition statement 2nd ed.
260 ## - PUBLICATION, DISTRIBUTION, ETC.
Place of publication, distribution, etc. Guwahati:
Name of publisher, distributor, etc. Assam law house,
Date of publication, distribution, etc. 2009.
300 ## - PHYSICAL DESCRIPTION
Extent 166p.
653 ## - INDEX TERM--UNCONTROLLED
Uncontrolled term Military, tax, trade & industrial law
653 ## - INDEX TERM--UNCONTROLLED
Uncontrolled term Motor vehicle act
700 1# - ADDED ENTRY--PERSONAL NAME
Personal name Phukan, G C,
Relator term Author.
942 ## - ADDED ENTRY ELEMENTS (KOHA)
Koha item type Books
Holdings
Withdrawn status Lost status Damaged status Not for loan Home library Current library Shelving location Date acquired Total checkouts Full call number Barcode Date last seen Copy number Price effective from Koha item type
        Naharkatiya College Library Naharkatiya College Library General stacks 09/19/2020   343.0944 | PHU 21818 09/19/2020 1 09/19/2020 Books